000 00395nam a2200169Ia 4500
001 18966
003 IN-NITTTR
005 20251114233220.0
008 251113s9999||||xx |||||||||||||| ||eng||
040 _beng
040 _cIN-NITTTR
041 _aeng
082 _a891.433 K89E
100 _aKrishan Chander,
245 0 _aEk violin samandar ke kinare. /
_cKrishan Chander
942 _2ddc
_cBK
999 _c21600
_d21600